Dora the explorer : (Record no. 111278)
[ view plain ]
| 000 -LEADER | |
|---|---|
| fixed length control field | 00562nam a2200193 a 4500 |
| 001 - CONTROL NUMBER | |
| control field | 3141 |
| 005 - DATE AND TIME OF LATEST TRANSACTION | |
| control field | 20140414131912.0 |
| 008 - FIXED-LENGTH DATA ELEMENTS--GENERAL INFORMATION | |
| fixed length control field | 060201s19uu xx 00 eng d |
| 020 ## - INTERNATIONAL STANDARD BOOK NUMBER | |
| International Standard Book Number | 0-439-66659-7 |
| 050 ## - LIBRARY OF CONGRESS CALL NUMBER | |
| Classification number | ER |
| Item number | D65 2004 |
| 100 ## - MAIN ENTRY--PERSONAL NAME | |
| Personal name | Ricci, Christine |
| 245 ## - TITLE STATEMENT | |
| Title | Dora the explorer : |
| Remainder of title | say "cheese!" / |
| Statement of responsibility, etc | by Christine Ricci ; illustrated by Steven Savitsky. |
| 260 ## - PUBLICATION, DISTRIBUTION, ETC. (IMPRINT) | |
| Place of publication, distribution, etc | New York : |
| Name of publisher, distributor, etc | Scholastic, |
| Date of publication, distribution, etc | 2004. |
| 300 ## - PHYSICAL DESCRIPTION | |
| Extent | 1 v. p. : ill. ; cm. |
| 440 ## - SERIES STATEMENT/ADDED ENTRY--TITLE | |
| Title | Nick Jr. |
| 650 ## - SUBJECT ADDED ENTRY--TOPICAL TERM | |
| Topical term or geographic name as entry element | Adventures and adventurers |
| General subdivision | Fiction. |
| Withdrawn status | Lost status | Damaged status | Use restrictions | Home library | Current library | Shelving location | Date acquired | Source of acquisition | Cost, normal purchase price | Total Checkouts | Full call number | Barcode | Date last seen | Price effective from | Koha item type |
|---|---|---|---|---|---|---|---|---|---|---|---|---|---|---|---|
| Munich Library | Munich Library | Easy Reading Section | 02/01/2006 | 120.00 | ER D65 2004 | M1906 | 04/14/2014 | 04/14/2014 | Books | ||||||
| Munich Library | Munich Library | Easy Reading Section | 10/19/2010 | 120.00 | ER D65 2004 | M2252 | 04/14/2014 | 04/14/2014 | Books |